Flash - Serial DC - Wiedza ogólna - Statystyki

Ogólne statystyki
  • Ten quiz został rozwiązany 52 razy
  • Średni wynik to 10 z 21
Statystyki odpowiedzi
Wskazówka Odpowiedź % Poprawnych
Kolor kostiumu Flasha Czerwony
95%
Czy regeneracja to moc Gridera? (Tak/Nie) Nie
92%
Czy Speed Force to Więzienie dla Meta-Ludzi? (Tak/Nie) Nie
92%
Supergirl pochodzi z Ziemi-38 (Tak/Nie) Tak
87%
Ile razy Barry oświadczył się Iris? 2
84%
Jakie nazwisko przyjęła Iris po ślubie z Barrym West-Allen
74%
Taki pseudonim zyskał Wally West Kid Flash
71%
W co zamienił się Caitlin Snow Killer Frost
71%
Zabił Mamę Barry'ego Allena Eobard Thawne
53%
The Thinker to Clifford DeVoe
45%
Kolor błyskawic Accelerated Mana Fioletowe
37%
Pseudonim Ralpha Dibny'ego Elongated Man
34%
Kogo porwał Zoom, aby zabrać szybkość Barry'ego? Wally'ego
32%
Co stracił Reverse Flash? Moce
29%
Z której ziemi pochodził Accelerated Man (numer) Ziemia-19
26%
Gdzie Black Bizon zdobyła moc? W autobusie
24%
Imię żony profesora Stein'a Clarissa
21%
Tak Breacher nazywał Cisco Cisci
16%
Pseudonim Ramsey'a Deacon'a Kilgore
13%
Może zmieniać się w trujący gaz Kyle Nimbus
3%
Crossover Batmana i Flasha The Button
0%
Nie znaleziono quizów pasujących do podanych kryteriów
Rozkład punktacji
Procent ludzi z każdym wynikiem
Percentyl według liczby udzielonych odpowiedzi
Twoja historia wyników
Nie rozwiązałeś tego quizu